Documento inédito; carta /
Bewaard in:
| Hoofdauteur: | |
|---|---|
| Formaat: | Texto |
| Onderwerpen: | |
| Tags: |
Voeg label toe
Geen labels, Wees de eerste die dit record labelt!
|
MARC
| LEADER | 00000 a a2200000 04500 | ||
|---|---|---|---|
| 001 | 15244 | ||
| 003 | |||
| 040 | |||
| 100 | |a Menjívar Larín, Rafael | ||
| 245 | |a Documento inédito; carta / |c Rafael Menjívar Larín | ||
| 650 | |a DOCUMENTOS INEDITOS | ||
| 773 | |g número 90 -91; páginas 201-202 | ||
| 999 | |c 37245 |d 37245 | ||
| 773 | 0 | |0 18728 |9 3045 |a Universidad de Costa Rica |d San José, Costa Rica Editorial UCR 1956- |o 16996 |t Revista de Ciencias Sociales/ |x 04825276 | |
